VFL Wolfsburg: Alle Torschützen der 2010er - Statistiken

Allgemein
  • Dieses Quiz wurde 213 mal gespielt
  • Das Durchschnittsergebnis liegt bei 27 aus 67
Antwortstatistiken
Pos. Nat. Spieler % Korrekt
ST BIH Edin Dzeko
89%
MIT BEL Kevin de Bruyne
87%
ST NED Wout Weghorst
87%
ST BRA Grafite
86%
MIT GER Maximilian Arnold
86%
VER BRA Naldo
73%
ST NED Bas Dost
69%
ST CRO Ivica Olic
69%
VER SUI Ricardo Rodriguez
67%
VER USA John Brooks
64%
ST CRO Mario Mandzukic
64%
MIT CRO Ivan Perisic
62%
MIT BRA Luiz Gustavo
62%
ST GER Mario Gomez
61%
MIT JAP Makoto Hasebe
57%
MIT BRA Diego
56%
MIT FRA Josuha Guilavogui
56%
VER GER Marcel Schäfer
55%
VER GER Robin Knoche
53%
MIT GER Julian Draxler
52%
ST DEN Nicklas Bendtner
51%
MIT SUI Renato Steffen
51%
MIT GER Andre Schürrle
50%
ST GER Max Kruse
47%
MIT AUT Xaver Schlager
47%
MIT IRN Ashkan Dejagah
45%
MIT SUI Admir Mehmedi
44%
MIT CRO Josip Brekalo
44%
MIT GER Yannick Gerhardt
44%
VER BRA Dante
43%
ST BEL Divock Origi
43%
VER DEN Simon Kjaer
42%
MIT ITA Daniel Caligiuri
39%
VER GER Alexander Madlung
35%
MIT BEL Junior Malanda
34%
ST GER Patrick Helmes
34%
MIT POR Vieirinha
33%
MIT TUR Yunus Malli
33%
ST GER Daniel Ginczek
32%
MIT POL Jakub Blaszczykowski
31%
VER SUI Timm Klose
31%
VER SUI Kevin Mbabu
30%
VER FRA Jerome Roussillon
29%
VER GER Sascha Riether
29%
MIT BLR Aliaksandr Hleb
27%
ST ESP Borja Mayoral
27%
VER BRA William
26%
VER NED Jeffrey Bruma
24%
VER CRO Marin Pongracic
24%
MIT GER Daniel Didavi
22%
MIT CZE Petr Jiracek
20%
VER COD Marcel Tisserand
19%
MIT GER Aaron Hunt
18%
MIT BIH Hasan Salihamidzic
18%
VER NED Paul Verhaegh
16%
MIT DEN Thomas Kahlenberg
14%
MIT ALB Elvis Rexhbecaj
13%
MIT BRA Joao Victor
13%
VER CZE Jan Polak
11%
VER GER Marco Russ
10%
MIT GER Paul Seguin
10%
MIT BRA Cicero
9%
MIT GER Felix Klaus
9%
VER BRA Chris
8%
ST GER Sebastian Polter
8%
VER GER Felix Uduokhai
4%
ST GER Stefan Kutschke
4%
Keine übereinstimmenden Quizze gefunden
Verteilung der Resultate
Anzahl Personen mit jedem Resultat
Perzentil nach korrekt beantworteten Fragen
Ihre Resultats-Entwicklung
Sie haben dieses Quiz noch nicht gespielt